01911cam a2200349 a 45000010005000000030006000050050017000110080041000280100017000690200025000860200018001110200022001290350024001510370105001750400075002800420008003550430012003630500028003750820016004031000030004192450045004492600036004943000025005305200754005556000027013096500046013366500050013826500031014326500035014636510035014986550028015333062FISKH20240201153013.0110907s2011 nyu 000 1 eng  a 2011034254 a9780316069410 (hbk.) a9781409136491 a0316069418 (hbk.) a(OCoLC)ocn748770483 bLittle Brown & Co, 3 Center Plaza 3rd Floor, Boston, MA, USA, 02108-2003, (617)2270730nSAN 200-2205 aDLCcDLCdIG#dCKEdUPZdIEPdNSBdYDXCPdGPIdZGVdCOOdBWXdDLCbeng apcc an-us-ca00aPS3553.O51165bD76 201100a813/.542221 aConnelly, Michael,d1956-14aThe drop :ba novel /cMichael Connelly. aLondon : bOrion Books, c2011. a419 pages : c18 cm  aDNA from a 1989 rape and murder matches a 29-year-old convicted rapist. Was he an eight-year-old killer or has something gone terribly wrong in the new Regional Crime Lab? The latter possibility could compromise all of the lab's DNA cases currently in court. Then Bosch and his partner are called to a death scene fraught with internal politics. Councilman Irvin Irving's son jumped or was pushed from a window at the Chateau Marmont. Irving, Bosch's longtime nemesis, has demanded that Harry handle the investigation. Relentlessly pursuing both cases, Bosch makes two chilling discoveries: a killer operating unknown in the city for as many as three decades, and a political conspiracy that goes back into the dark history of the police department.10aBosch, HarryvFiction. 0aPolicezCaliforniazLos AngelesvFiction. 0aCold cases (Criminal investigation)vFiction. 0aSerial murderersvFiction. 0aPolitical corruptionvFiction. 0aLos Angeles (Calif.)vFiction. 7aMystery fiction.2gsafd